| 000 | 00553nam a22001937a 4500 | ||
|---|---|---|---|
| 005 | 20180821114431.0 | ||
| 010 | _aENG-123839 | ||
| 020 |
_a9789383962013 _c300.00 |
||
| 035 | _aEN-107371 | ||
| 037 | _bDBAD/PUB | ||
| 082 | _a363.20954 | ||
| 100 | _aSen, Sankar | ||
| 245 |
_aPolicing in 21st century / _cby Sankar Sen |
||
| 260 |
_c2014 _aDelhi _bAnuugya Books |
||
| 270 |
_bDelhi _a1/10206, West Gorakh Park, Shahdara, _e110032 |
||
| 300 |
_a132p. _c21cm.(Hb) |
||
| 500 | _aIt includes index | ||
| 942 |
_2ddc _cEN _h363.20954 _mSEN |
||
| 999 |
_c155863 _d155863 |
||